Eminem's 50 Most Streamed Songs - Statistics

General Stats
  • This quiz has been taken 91 times
  • The average score is 23 of 50
Answer Stats
# Song EAS Album Features % Correct
1 Lose Yourself 18,095,000 8 Mile: Music from and Inspired by the Motion Picture -
93%
5 Stan 10,009,000 The Marshall Mathers LP Dido
93%
2 The Real Slim Shady 13,208,000 The Marshall Mathers LP -
89%
3 Without Me 12,663,000 The Eminem Show -
86%
6 Love The Way You Lie 8,376,000 Recovery Rihanna
84%
7 Mockingbird 7,823,000 Encore -
82%
11 The Monster 3,902,000 The Marshall Mathers LP 2 -
80%
21 Godzilla 2,241,000 Music to Be Murdered By Juice WLRD
78%
4 'Till I Collapse 12,308,000 The Eminem Show Nate Dogg
78%
8 My Name Is 5,688,000 The Slim Shady LP -
75%
14 Rap God 3,649,000 The Marshall Mathers LP 2 -
71%
17 Superman 2,721,000 The Eminem Show Dina Rae
68%
9 Not Afraid 5,508,000 Recovery -
67%
26 River 1,762,000 Revival Ed Sheeran
54%
34 Crack a Bottle 1,393,000 Relapse 50 Cent, Dr. Dre
53%
19 My Band 2,482,000 D12 World D12
51%
25 Beautiful 1,781,000 Relapse -
50%
13 Sing For The Moment 3,749,000 The Eminem Show -
50%
16 Forever 2,910,000 Relapse Drake, Kanye West, Lil Wayne
49%
29 Shake That 1,634,000 Curtain Call: The Hits Nate Dogg
49%
10 The Way I Am 4,441,000 The Marshall Mathers LP Rihanna
49%
44 Venom 1,014,000 Kamikaze -
46%
18 Just Lose It 2,696,000 Encore -
45%
12 Like Toy Soldier 3,809,000 Encore -
45%
24 No Love 1,885,000 Recovery Lil Wayne
45%
35 When I'm Gone 1,377,000 Curtain Call: The Hits -
42%
45 Business 970,000 The Eminem Show -
41%
15 Cleanin' Out My Closet 3,494,000 The Eminem Show -
39%
37 Lucky You 1,326,000 Kamikaze Joyner Lucas
39%
39 White America 1,186,000 The Eminem Show -
39%
23 Guilty Conscience 2,130,000 The Slim Shady LP Dr. Dre
34%
20 Kill You 2,290,000 The Marshall Mathers LP -
33%
32 Space Bound 1,458,000 Recovery -
33%
22 Purple Pills 2,143,000 D12 World D12
32%
31 Renegade 1,464,000 Other JAY-Z
30%
28 Bitch Please II 1,635,000 The Marshall Mathers LP Dr. Dre, Nate Dogg, Snoop Dogg, Xzibit
29%
38 Role Model 1,269,000 The Slim Shady LP -
29%
42 We Made You 1,132,000 Relapse -
29%
27 Ass Like That 1,646,000 Encore -
28%
40 Lighters 1,160,000 Hell: The Sequel Bad Meets Evil, Bruno Mars
28%
48 Criminal 905,000 The Marshall Mathers LP -
25%
47 Hailie's Song 908,000 The Eminem Show -
24%
41 Cinderella Man 1,141,000 Recovery -
22%
50 Fast Lane 698,000 Hell: The Sequel Bad Meets Evil
22%
30 Berzerk 1,488,000 The Marshall Mathers LP -
21%
43 Just Don't Give a Fuck 1,096,000 The Slim Shady LP -
21%
49 Marshall Mathers 736,000 The Marshall Mathers LP -
21%
46 Survival 969,000 The Marshall Mathers LP -
13%
33 Fight Music 1,401,000 D12 World D12
9%
36 Love the Way You Lie (Part II) 1,359,000 Other Rihanna
8%
No matching quizzes found
Score Distribution
Percent of People with Each Score
Percentile by Number Answered
Your Score History
You have not taken this quiz